| 000 | 00599nam a22002057a 4500 | ||
|---|---|---|---|
| 005 | 20250507104231.0 | ||
| 008 | 250507b |||||||| |||| 00| 0 eng d | ||
| 020 | _a0333322894 | ||
| 037 | _cTextual | ||
| 040 |
_aRTL _cRTL |
||
| 084 |
_aY5, M2/TD1 _qRTL |
||
| 100 | _aGiddens, Anthony | ||
| 245 |
_aClasses, power, and conflict: _bclassical and contemporary debates |
||
| 260 |
_aHampshire _bMacmillan _c1982 |
||
| 300 |
_aix, 646p. _bincludes references |
||
| 490 | _aContemporary social theory | ||
| 650 | _aSocialism | ||
| 700 | _aHeld, David | ||
| 942 |
_2CC _cTB _hY5, M2/TD1 _n0 |
||
| 999 |
_c1312945 _d1312945 |
||